Mustafa Sandal Şarkıları - Armageddon - Statistics

General Stats
  • This quiz has been taken 59 times
  • The average score is 7 of 17
Answers on the Grid
Answers color-coded by a green-red scale on the quiz's grid according to % correct below.
İsyankar
Yıldızların Altında
Tuttu Fırlattı
Yamalı Tövbeler
Sevenler Anlar
Araba
Başıma Belasın
Gel Bana
Şekerim
Aya Benzer
İki Tas Çorba
Mis Mis
Tamam Tamam
Kırmızı
Ben Adam Olmam
Mod
Korkak
Tabi Tabi
Jest Oldu
Karabiberim
Tesir Altında
Kandıramazsın Beni
Adı İntikamdı
Kadere Bak
Gidenlerden
Leyla
Kına
Ben Olsaydım
Pazara Kadar
Kusura Bakma
Bulmaca
Gölgede Aynı
Bizim Çocuklar
 
Answer Stats
Answer % Correct
İsyankar
92%
Araba
80%
Aya Benzer
76%
Gel Bana
67%
Pazara Kadar
63%
Jest Oldu
55%
Tesir Altında
49%
Kadere Bak
35%
Ben Olsaydım
31%
Yamalı Tövbeler
27%
Gidenlerden
24%
Mod
22%
Adı İntikamdı
14%
İki Tas Çorba
14%
Bizim Çocuklar
12%
Gölgede Aynı
10%
Tamam Tamam
8%
No matching quizzes found
Score Distribution
Percent of People with Each Score
Percentile by Number Answered
Your Score History
You have not taken this quiz